Music Quiz

Random Music or Missing Word Quiz

3 Songs, 1 Missing Word IX Quiz Stats

 Plays Quiz Updated Jan 20, 2018

Score 0/33 Timer 05:00
8 Plays Today
% Correct
Never
94.2%
Mind
93.6%
Soul
93.5%
Way
93.5%
Keep
93.4%
Road
93.2%
Shot
93.2%
Name
92.8%
Dirty
92.8%
Breath
92.6%
Somebody
92.5%
Feeling
92.4%
Anything
92.4%
Wild
92.2%
Feet
91.2%
Stars
91.1%
Kiss
90.5%
% Correct
Cake
90%
Feel
88.8%
Sorry
87.9%
Ride
87.6%
Closet
87.6%
Lover
85.8%
Rhythm
84.5%
Swing
83.5%
December
83.5%
New
83.3%
Story
81.7%
Big
81.5%
Age
80.5%
Land
77.5%
Game
76.9%
Sister
75.6%

You're not logged in!

Compare scores with friends on all Sporcle quizzes.
OR
Log In

Sporcle TV

Today on Sporcle TV


Watch our educational content, quiz creation guides, and fun videos on Sporcle TV.

Show Comments

Extras

Top Quizzes Today


Score Distribution

Your Account Isn't Verified!

In order to create a playlist on Sporcle, you need to verify the email address you used during registration. Go to your Sporcle Settings to finish the process.

Report this User

Report this user for behavior that violates our Community Guidelines.

Details: